[Event "FRA-ch Seniors"]
[Site "Albi"]
[Date "2022.08.19"]
[Round "7"]
[White "Toulzac, Pierre Yves"]
[Black "Veron, Cyprien"]
[Result "1/2-1/2"]
[WhiteElo "2086"]
[BlackElo "1901"]
[PlyCount "30"]
[EventDate "2022.08.13"]
[EventType "swiss"]
[EventRounds "9"]
[EventCountry "FRA"]
[SourceTitle "CBM 210 Extra"]
[Source "ChessBase"]
[SourceDate "2022.11.30"]
[SourceVersion "1"]
[SourceVersionDate "2022.11.30"]
[SourceQuality "1"]

1. Nf3 Nf6 2. g3 g6 3. Bg2 Bg7 4. 0-0 0-0 5. d3 d6 6. c4 c5 7. Nc3 Nc6 8. a3 a5 9. Bd2 Bg4 10. h3 Bd7 11. Rb1 Qc8 12. Kh2 Ra6 13. b3 Re8 14. Ne1 Nh5 15. Nc2 b6 1/2-1/2

[Event "FRA-ch Seniors"]
[Site "Albi"]
[Date "2022.08.16"]
[Round "4"]
[White "Veron, Cyprien"]
[Black "Goldenberg, Richard"]
[Result "1-0"]
[WhiteElo "1901"]
[BlackElo "2195"]
[PlyCount "37"]
[EventDate "2022.08.13"]
[EventType "swiss"]
[EventRounds "9"]
[EventCountry "FRA"]
[SourceTitle "CBM 210 Extra"]
[Source "ChessBase"]
[SourceDate "2022.11.30"]
[SourceVersion "1"]
[SourceVersionDate "2022.11.30"]
[SourceQuality "1"]

1. Nf3 g6 2. e4 c5 3. c4 Bg7 4. d4 cxd4 5. Nxd4 Nc6 6. Nc2 d6 7. Be2 f5 8. Nc3 Bxc3+ 9. bxc3 fxe4 10. h3 Qa5 11. Nb4 Nf6 12. Bh6 Nxb4 13. cxb4 Qxb4+ 14. Kf1 Be6 15. Rb1 Qc5 16. Rxb7 Bxc4 17. Qa4+ Kd8 18. Bxc4 Rc8 19. Be6 1-0

[Event "Montigny le Bretonneux Autumn 18th"]
[Site "Montigny le Bretonneux"]
[Date "2019.10.22"]
[Round "4"]
[White "Boulemnakher, Karim"]
[Black "Veron, Cyprien"]
[Result "1/2-1/2"]
[WhiteElo "1845"]
[BlackElo "2024"]
[PlyCount "53"]
[EventDate "2019.10.19"]
[EventType "tourn"]
[EventRounds "9"]
[EventCountry "FRA"]
[SourceTitle "CBM 192 Extra"]
[Source "Chessbase"]
[SourceDate "2019.11.06"]
[SourceVersion "1"]
[SourceVersionDate "2019.11.06"]
[SourceQuality "1"]

1. e4 e5 2. Nc3 Nf6 3. f4 d5 4. fxe5 Nxe4 5. Nxe4 dxe4 6. Qe2 Qd5 7. d3 exd3 8. Qxd3 Qxe5+ 9. Be2 Bf5 10. Qb3 Qa5+ 11. Bd2 Qb6 12. Nf3 Be7 13. 0-0-0 Qxb3 14. axb3 0-0 15. Rhf1 Bg6 16. Bf4 Nc6 17. Rd7 Rac8 18. Bb5 Bd6 19. Bxd6 cxd6 20. Bxc6 Rxc6 21. Nd4 Rb6 22. Re1 Rb8 23. Ree7 Kf8 24. Nf5 Bxf5 25. Rxf7+ Ke8 26. Rfe7+ Kf8 27. Rf7+ 1/2-1/2

[Event "Metz op 37th"]
[Site "Metz"]
[Date "2019.04.10"]
[Round "4"]
[White "Veron, Cyprien"]
[Black "Omelja, Artem"]
[Result "0-1"]
[WhiteElo "1990"]
[BlackElo "2472"]
[PlyCount "78"]
[EventDate "2019.04.08"]
[EventType "swiss"]
[EventRounds "9"]
[EventCountry "FRA"]
[SourceTitle "CBM 189 Extra"]
[Source "ChessBase"]
[SourceDate "2019.06.03"]
[SourceVersion "1"]
[SourceVersionDate "2019.06.03"]
[SourceQuality "1"]

1. Nf3 b6 2. g3 Bb7 3. Bg2 g6 4. 0-0 Bg7 5. c4 c5 6. Nc3 Nf6 7. d3 0-0 8. e4 d6 9. Rb1 Nc6 10. a3 Nd7 11. Bd2 e6 12. b4 Qe7 13. b5 Nd4 14. Nxd4 cxd4 15. Ne2 a5 16. f4 Nc5 17. Nc1 f5 18. exf5 gxf5 19. Qh5 Rae8 20. Kh1 Bxg2+ 21. Kxg2 Qb7+ 22. Kg1 Re7 23. Rb2 Ref7 24. Be1 e5 25. fxe5 dxe5 26. Rbf2 Qd7 27. g4 f4 28. Bd2 Qe6 29. Qh3 h6 30. Qf3 Kh7 31. Kh1 Rg8 32. Rg1 Bf8 33. Rfg2 Be7 34. g5 Rxg5 35. Rxg5 Bxg5 36. Rxg5 hxg5 37. Qh5+ Kg8 38. Qxg5+ Rg7 39. Qd8+ Kh7 0-1

[Event "Montigny le Bretonneux 17th"]
[Site "Montigny le Bretonneux"]
[Date "2018.10.27"]
[Round "8"]
[White "Veron, Cyprien"]
[Black "Claisse, Patrick"]
[Result "1-0"]
[WhiteElo "2028"]
[BlackElo "1733"]
[PlyCount "85"]
[EventDate "2018.10.20"]
[EventType "tourn"]
[EventRounds "9"]
[EventCountry "FRA"]
[SourceTitle "CBM 187 Extra"]
[Source "ChessBase"]
[SourceDate "2018.11.04"]
[SourceVersion "1"]
[SourceVersionDate "2018.11.04"]
[SourceQuality "1"]

1. Nf3 Nf6 2. c4 c5 3. d4 cxd4 4. Nxd4 e6 5. Nc3 Nc6 6. e3 Nxd4 7. exd4 d5 8. cxd5 Nxd5 9. Bd3 g6 10. h4 h6 11. Qb3 Nxc3 12. bxc3 Qd5 13. 0-0 Qxb3 14. axb3 h5 15. Re1 Bg7 16. Ba3 Bd7 17. Bc5 a6 18. Bd6 Bf6 19. Be4 0-0-0 20. Bg3 Rde8 21. Ra5 Bb5 22. c4 Bd8 23. Ra2 Bd7 24. c5 Bc7 25. Be5 Bxe5 26. dxe5 Kc7 27. Rd1 Bc6 28. Bxc6 Kxc6 29. Rd6+ Kc7 30. Rad2 Re7 31. Kh2 Rb8 32. Rc2 Rd7 33. Kg3 Re7 34. Kf4 Rc8 35. Kg5 Kb8 36. Kf6 Rec7 37. b4 a5 38. bxa5 Rxc5 39. Rxc5 Rxc5 40. f4 Rc2 41. Kxf7 Rxg2 42. Rxe6 Rg4 43. Rf6 1-0

[Event "Montigny le Bretonneux 17th"]
[Site "Montigny le Bretonneux"]
[Date "2018.10.26"]
[Round "7"]
[White "Goudon, Gregory"]
[Black "Veron, Cyprien"]
[Result "1/2-1/2"]
[WhiteElo "1679"]
[BlackElo "2028"]
[PlyCount "94"]
[EventDate "2018.10.20"]
[EventType "tourn"]
[EventRounds "9"]
[EventCountry "FRA"]
[SourceTitle "CBM 187 Extra"]
[Source "ChessBase"]
[SourceDate "2018.11.04"]
[SourceVersion "1"]
[SourceVersionDate "2018.11.04"]
[SourceQuality "1"]

1. e4 e5 2. Nf3 Nc6 3. Bb5 a6 4. Bxc6 dxc6 5. Nxe5 Qd4 6. Nf3 Qxe4+ 7. Qe2 Qxe2+ 8. Kxe2 Bf5 9. d3 0-0-0 10. Re1 f6 11. Nc3 Ne7 12. Kf1 Nd5 13. Nxd5 cxd5 14. Nd4 Bd7 15. Ne6 Bxe6 16. Rxe6 Kd7 17. Re2 Bd6 18. Bd2 h5 19. Rae1 Rde8 20. h3 Rxe2 21. Rxe2 Be5 22. b3 Bd6 23. f3 b5 24. Kf2 Rb8 25. Be3 b4 26. Bd4 Rb5 27. c4 bxc3 28. Bxc3 Rb8 29. g3 Rf8 30. f4 h4 31. Kf3 hxg3 32. Be1 Rh8 33. Kg4 g6 34. Bxg3 f5+ 35. Kg5 Be7+ 36. Kxg6 Rxh3 37. Be1 Rxd3 38. Kxf5 Bd6 39. Kg4 c5 40. f5 c4 41. bxc4 dxc4 42. f6 c3 43. f7 Rd4+ 44. Kf5 Rf4+ 45. Kg6 Rg4+ 46. Kh7 Rf4 47. Kg6 Rg4+ 1/2-1/2

[Event "Montigny le Bretonneux 17th"]
[Site "Montigny le Bretonneux"]
[Date "2018.10.25"]
[Round "6"]
[White "Veron, Cyprien"]
[Black "Plantet, Marc"]
[Result "1/2-1/2"]
[WhiteElo "2028"]
[BlackElo "1737"]
[PlyCount "72"]
[EventDate "2018.10.20"]
[EventType "tourn"]
[EventRounds "9"]
[EventCountry "FRA"]
[SourceTitle "CBM 187 Extra"]
[Source "ChessBase"]
[SourceDate "2018.11.04"]
[SourceVersion "1"]
[SourceVersionDate "2018.11.04"]
[SourceQuality "1"]

1. Nf3 Nf6 2. c4 c5 3. d4 cxd4 4. Nxd4 e6 5. Nc3 Nc6 6. Nxc6 bxc6 7. e4 Bb4 8. e5 Ne4 9. Qd3 Qa5 10. f4 Nxc3 11. bxc3 Bxc3+ 12. Bd2 Bxd2+ 13. Qxd2 Qxd2+ 14. Kxd2 Ba6 15. c5 Bxf1 16. Rhxf1 Rb8 17. Rab1 Ke7 18. a4 Rhc8 19. Kc2 Kd8 20. Rxb8 Rxb8 21. Rb1 Rxb1 22. Kxb1 Ke7 23. Kc2 f6 24. Kc3 a5 25. Kd3 fxe5 26. fxe5 Kf7 27. Ke3 Kg6 28. Kf4 Kh5 29. g3 g5+ 30. Kf3 g4+ 31. Kf4 h6 32. Ke3 Kg5 33. Ke4 h5 34. Ke3 h4 35. Ke4 h3 36. Ke3 Kf5 1/2-1/2

[Event "Montigny le Bretonneux 17th"]
[Site "Montigny le Bretonneux"]
[Date "2018.10.22"]
[Round "3"]
[White "Veron, Cyprien"]
[Black "Delin, Valere"]
[Result "1-0"]
[WhiteElo "2028"]
[BlackElo "1882"]
[PlyCount "67"]
[EventDate "2018.10.20"]
[EventType "tourn"]
[EventRounds "9"]
[EventCountry "FRA"]
[SourceTitle "CBM 187 Extra"]
[Source "ChessBase"]
[SourceDate "2018.11.04"]
[SourceVersion "1"]
[SourceVersionDate "2018.11.04"]
[SourceQuality "1"]

1. Nf3 Nf6 2. c4 g6 3. g3 Bg7 4. Bg2 0-0 5. 0-0 d5 6. cxd5 Nxd5 7. d4 c5 8. e4 Nf6 9. Re1 Qb6 10. Nc3 Bd7 11. e5 Ng4 12. h3 cxd4 13. Nd5 Qc5 14. Qxd4 Qxd4 15. Nxd4 Nxe5 16. Nc7 Nbc6 17. Nxc6 Nxc6 18. Nxa8 Rxa8 19. Bxc6 Bxc6 20. Rxe7 Rd8 21. Re1 f5 22. Bg5 Rc8 23. Re2 h6 24. Be7 a6 25. f4 Rd8 26. Kf2 Rd3 27. Rc1 Bf6 28. Rcc2 Rd1 29. Re1 Rd3 30. b3 g5 31. Rec1 gxf4 32. gxf4 Bh4+ 33. Ke2 Bb5 34. a4 1-0

[Event "Montigny le Bretonneux 17th"]
[Site "Montigny le Bretonneux"]
[Date "2018.10.20"]
[Round "1"]
[White "Veron, Cyprien"]
[Black "Forissier, Nicolas"]
[Result "1-0"]
[WhiteElo "2028"]
[BlackElo "1974"]
[PlyCount "63"]
[EventDate "2018.10.20"]
[EventType "tourn"]
[EventRounds "9"]
[EventCountry "FRA"]
[SourceTitle "CBM 187 Extra"]
[Source "ChessBase"]
[SourceDate "2018.11.04"]
[SourceVersion "1"]
[SourceVersionDate "2018.11.04"]
[SourceQuality "1"]

1. Nf3 d5 2. c4 c6 3. d4 Nf6 4. Nc3 g6 5. e3 Bg7 6. Bd3 0-0 7. Qc2 Nbd7 8. 0-0 Re8 9. Rd1 e5 10. cxd5 Nxd5 11. a3 Nxc3 12. bxc3 Qe7 13. e4 exd4 14. cxd4 Nf6 15. h3 Be6 16. Bg5 Qd7 17. Bf1 Rac8 18. Rab1 b5 19. Re1 a5 20. Qd2 a4 21. d5 cxd5 22. Bxb5 Qa7 23. Bxf6 Bxf6 24. Bxe8 Bc3 25. Qh6 Bxe1 26. Rxe1 dxe4 27. Ng5 Rxe8 28. Rxe4 Qb7 29. Qxh7+ Kf8 30. Qh8+ Ke7 31. Rxe6+ fxe6 32. Qg7+ 1-0

[Event "FRA-ch op-A"]
[Site "Nancy"]
[Date "2013.08.21"]
[Round "9"]
[White "Rubino, William"]
[Black "Veron, Cyprien"]
[Result "1-0"]
[WhiteElo "2123"]
[BlackElo "2078"]
[PlyCount "59"]
[EventDate "2013.08.11"]
[EventType "swiss"]
[EventRounds "11"]
[EventCountry "FRA"]
[SourceTitle "CBM 156 Extra"]
[Source "ChessBase"]
[SourceDate "2013.10.22"]
[SourceVersion "1"]
[SourceVersionDate "2013.10.22"]
[SourceQuality "1"]

1. e4 e5 2. Nf3 Nc6 3. Bb5 a6 4. Ba4 Nf6 5. d3 d6 6. 0-0 Be7 7. c3 0-0 8. Re1 Re8 9. Nbd2 Bf8 10. Nf1 h6 11. Ng3 g6 12. h3 Bg7 13. Be3 b5 14. Bb3 Na5 15. Bc2 c5 16. b4 cxb4 17. cxb4 Nc6 18. Qd2 Kh7 19. d4 exd4 20. Nxd4 Nxd4 21. Bxd4 Bb7 22. Rad1 Bf8 23. Qf4 Bg7 24. e5 dxe5 25. Bxe5 Qe7 26. Bc3 Nd5 27. Rxe7 Nxf4 28. Rxf7 Nd5 29. Rxg7+ Kh8 30. Rxd5 1-0

[Event "FRA-ch op-A"]
[Site "Nancy"]
[Date "2013.08.15"]
[Round "4"]
[White "Veron, Cyprien"]
[Black "Bianchi, Guillaume"]
[Result "0-1"]
[WhiteElo "2078"]
[BlackElo "2175"]
[PlyCount "76"]
[EventDate "2013.08.11"]
[EventType "swiss"]
[EventRounds "11"]
[EventCountry "FRA"]
[SourceTitle "CBM 156 Extra"]
[Source "ChessBase"]
[SourceDate "2013.10.22"]
[SourceVersion "1"]
[SourceVersionDate "2013.10.22"]
[SourceQuality "1"]

1. Nf3 Nf6 2. c4 g6 3. g3 Bg7 4. Bg2 0-0 5. 0-0 d6 6. d4 Nc6 7. d5 Na5 8. Nfd2 c5 9. Nc3 a6 10. Qc2 Rb8 11. Rb1 Bf5 12. e4 Bd7 13. h3 e5 14. Kh2 h5 15. b3 b5 16. cxb5 axb5 17. b4 cxb4 18. Rxb4 Qc7 19. Ba3 Rfc8 20. Rc1 Bh6 21. Bf1 h4 22. Qd1 hxg3+ 23. fxg3 Qc5 24. Qe1 Qe3 25. Qxe3 Bxe3 26. Ncb1 Bc5 27. Nc3 Be3 28. Ncb1 Rxc1 29. Bxc1 Rc8 30. Ba3 Bc5 31. Rb2 Bd4 32. Rb4 Rc2 33. Bxb5 Bxb5 34. Rxb5 Nc4 35. Rb8+ Kg7 36. Bb4 Nxe4 37. Rc8 Bc5 38. Bxc5 Nxc5 0-1

[Event "FRA-ch op-A"]
[Site "Nancy"]
[Date "2013.08.14"]
[Round "3"]
[White "Moucheroud, Jeremy"]
[Black "Veron, Cyprien"]
[Result "1/2-1/2"]
[WhiteElo "2185"]
[BlackElo "2078"]
[PlyCount "80"]
[EventDate "2013.08.11"]
[EventType "swiss"]
[EventRounds "11"]
[EventCountry "FRA"]
[SourceTitle "CBM 156 Extra"]
[Source "ChessBase"]
[SourceDate "2013.10.22"]
[SourceVersion "1"]
[SourceVersionDate "2013.10.22"]
[SourceQuality "1"]

1. e4 e5 2. Nf3 Nc6 3. d4 exd4 4. Nxd4 Qf6 5. c3 Bc5 6. Be3 Nge7 7. Bc4 0-0 8. 0-0 Bb6 9. Kh1 Rd8 10. Qd2 Nxd4 11. cxd4 h6 12. Nc3 d5 13. Nxd5 Nxd5 14. exd5 Bf5 15. f3 Rac8 16. a4 a6 17. a5 Ba7 18. Rfd1 c6 19. dxc6 Rxc6 20. b3 Rcd6 21. d5 Bxe3 22. Qxe3 Be6 23. Qd4 Bxd5 24. Qxf6 gxf6 25. Bxd5 Rxd5 26. Rxd5 Rxd5 27. b4 Rb5 28. Rb1 b6 29. axb6 Rxb6 30. Kg1 Rb5 31. Ra1 Rxb4 32. Rxa6 Kg7 33. Kf2 Rb2+ 34. Kg3 Kg6 35. Kh3 Rb3 36. Kg4 Rb2 37. Kh3 Rb3 38. Kg4 Rb2 39. Kh3 Rb3 40. Kg4 Rb2 1/2-1/2

[Event "Agneaux St Lo Coquereau op"]
[Site "Agneaux"]
[Date "2013.07.12"]
[Round "7"]
[White "Lepigoche, Cyril"]
[Black "Veron, Cyprien"]
[Result "1-0"]
[WhiteElo "2113"]
[BlackElo "2076"]
[PlyCount "79"]
[EventDate "2013.07.07"]
[EventType "swiss"]
[EventRounds "9"]
[EventCountry "FRA"]
[SourceTitle "EXT 2014"]
[Source "ChessBase"]
[SourceDate "2013.11.20"]
[SourceVersion "1"]
[SourceVersionDate "2013.11.20"]
[SourceQuality "1"]

1. Nf3 Nf6 2. c4 e6 3. g3 b6 4. Bg2 Bb7 5. 0-0 Be7 6. Nc3 0-0 7. Qc2 d5 8. d4 c5 9. Rd1 Nc6 10. dxc5 bxc5 11. cxd5 exd5 12. a3 h6 13. Na4 Ne4 14. Be3 Na5 15. Ne5 Qc7 16. Nd3 Rac8 17. Bxe4 dxe4 18. Ndxc5 Bc6 19. b4 Nb7 20. Rac1 Qe5 21. Nxb7 Bxb7 22. Nc5 Bxc5 23. Bxc5 Rfd8 24. e3 Rxd1+ 25. Qxd1 a5 26. Qd7 Rc7 27. Qd8+ Kh7 28. Rd1 Qh5 29. Rd2 Qe5 30. Kg2 Ba6 31. Qd6 Qxd6 32. Bxd6 Rc1 33. g4 axb4 34. axb4 Bd3 35. Rb2 Rb1 36. Ra2 Kg6 37. h3 h5 38. gxh5+ Kxh5 39. Ra5+ Kh4 40. Bg3# 1-0

[Event "Agneaux St Lo Coquereau op"]
[Site "Agneaux"]
[Date "2013.07.08"]
[Round "3"]
[White "Veron, Cyprien"]
[Black "Moncuit, Guillaume"]
[Result "1/2-1/2"]
[WhiteElo "2076"]
[BlackElo "1980"]
[PlyCount "41"]
[EventDate "2013.07.07"]
[EventType "swiss"]
[EventRounds "9"]
[EventCountry "FRA"]
[SourceTitle "EXT 2014"]
[Source "ChessBase"]
[SourceDate "2013.11.20"]
[SourceVersion "1"]
[SourceVersionDate "2013.11.20"]
[SourceQuality "1"]

1. Nf3 f5 2. d3 Nf6 3. Nc3 e6 4. e4 d6 5. exf5 exf5 6. d4 Nc6 7. d5 Ne5 8. Be2 Nxf3+ 9. Bxf3 Qe7+ 10. Qe2 Qxe2+ 11. Bxe2 a6 12. 0-0 g6 13. Re1 Kf7 14. Bd2 Bg7 15. Bf3 Bd7 16. Re2 Rhe8 17. Rae1 Rxe2 18. Rxe2 Re8 19. Rxe8 Nxe8 20. Kf1 c5 21. dxc6 1/2-1/2

[Event "Syre Memorial op 36th"]
[Site "Issy les Moulineaux"]
[Date "2013.05.08"]
[Round "1"]
[White "Roser, Kevin"]
[Black "Veron, Cyprien"]
[Result "1/2-1/2"]
[WhiteElo "2401"]
[BlackElo "2043"]
[PlyCount "99"]
[EventDate "2013.05.08"]
[EventType "swiss"]
[EventRounds "7"]
[EventCountry "FRA"]
[SourceTitle "EXT 2015"]
[Source "ChessBase"]
[SourceDate "2014.11.20"]
[SourceVersion "1"]
[SourceVersionDate "2014.11.20"]
[SourceQuality "1"]

1. e4 e5 2. Nf3 Nc6 3. Bb5 a6 4. Ba4 Nf6 5. 0-0 Be7 6. Re1 b5 7. Bb3 d6 8. c3 0-0 9. h3 Nb8 10. d4 Nbd7 11. Nbd2 Bb7 12. Bc2 Re8 13. Nf1 Bf8 14. Ng3 g6 15. a4 Bg7 16. Bd3 c6 17. Bg5 h6 18. Bd2 Nb6 19. b3 Qc7 20. Qc2 Rac8 21. Rab1 Nbd7 22. Rbc1 Nf8 23. dxe5 dxe5 24. c4 bxa4 25. bxa4 c5 26. Ne2 Ne6 27. Nc3 Nd4 28. Nxd4 cxd4 29. Nd5 Nxd5 30. cxd5 Qxc2 31. Rxc2 Rxc2 32. Bxc2 Rc8 33. Bd3 Bf8 34. Rb1 Rc7 35. f4 f6 36. Kf2 Kf7 37. Ke2 Bc8 38. a5 h5 39. fxe5 fxe5 40. Rb8 Bd6 41. Rb1 Kg7 42. Bg5 Rb7 43. Rxb7+ Bxb7 44. Bd8 Kf7 45. Bc2 Ke8 46. Bb6 Bc8 47. Bd3 Kd7 48. Bc2 Ke8 49. Bd3 Kd7 50. Bc2 1/2-1/2

[Event "Montigny le Bretonneux-A 11th"]
[Site "Montigny le Bretonneux"]
[Date "2012.10.28"]
[Round "2"]
[White "Veron, Cyprien"]
[Black "Plantet, Marc"]
[Result "1-0"]
[WhiteElo "2052"]
[BlackElo "1869"]
[PlyCount "67"]
[EventDate "2012.10.27"]
[EventType "tourn"]
[EventRounds "9"]
[EventCountry "FRA"]
[SourceTitle "EXT 2014"]
[Source "ChessBase"]
[SourceDate "2013.11.20"]
[SourceVersion "1"]
[SourceVersionDate "2013.11.20"]
[SourceQuality "1"]

1. Nf3 Nf6 2. c4 e6 3. Nc3 d5 4. d4 c6 5. e3 Nbd7 6. Qc2 Bd6 7. g4 Nxg4 8. Rg1 Qf6 9. Rxg4 Qxf3 10. Rxg7 Nf8 11. Rg1 Bxh2 12. Be2 Qf6 13. Rg2 Bc7 14. cxd5 exd5 15. Nxd5 Ba5+ 16. Nc3 Ng6 17. Bd2 Nh4 18. Rg3 Be6 19. d5 Bd7 20. Ne4 Bxd2+ 21. Qxd2 Qe5 22. dxc6 Bxc6 23. Nd6+ Kf8 24. 0-0-0 Qc5+ 25. Nc4 Nf5 26. Rg5 Ke7 27. b4 Qb5 28. Nd6 Qe5 29. Rxf5 Qa1+ 30. Kc2 Qxa2+ 31. Kc3 Qa3+ 32. Kc4 Qa6+ 33. Kb3 Ba4+ 34. Kb2 1-0

[Event "Syre Memorial op 35th"]
[Site "Issy les Moulineaux"]
[Date "2012.05.17"]
[Round "2"]
[White "Veron, Cyprien"]
[Black "Acco, David"]
[Result "1-0"]
[WhiteElo "2105"]
[BlackElo "1954"]
[PlyCount "53"]
[EventDate "2012.05.17"]
[EventType "swiss"]
[EventRounds "6"]
[EventCountry "FRA"]
[SourceTitle "EXT 2015"]
[Source "ChessBase"]
[SourceDate "2014.11.20"]
[SourceVersion "1"]
[SourceVersionDate "2014.11.20"]
[SourceQuality "1"]

1. Nf3 Nf6 2. c4 e6 3. e3 d5 4. Nc3 Be7 5. Be2 0-0 6. 0-0 c5 7. cxd5 exd5 8. d4 Nc6 9. b3 cxd4 10. Nxd4 Nxd4 11. Qxd4 Be6 12. Bb2 a6 13. Rfd1 Qa5 14. Bf3 Rfd8 15. Na4 Rac8 16. Rac1 Qb5 17. Qb6 Qxb6 18. Nxb6 Rc6 19. Rxc6 bxc6 20. Rc1 c5 21. Ba3 Ne4 22. Be2 Rd6 23. Na4 Rc6 24. f3 Nf6 25. Nxc5 Bc8 26. Nxa6 Rxc1+ 27. Bxc1 1-0